000 01591nam a2200313 a 4500
001 BRCA_4963
005 20190320204859.0
008 221010s1788----sp-######v---#000-0#spa-#
041 _aspa
044 _asp
084 _aDOC56
_b.D63
_c1788
245 1 0 _aDocumento firmado por el [Rey Carlos III]
_cCarlos III, Fray Manuel María Truxillo.
260 _aMadrid
_c1788
300 _a[3] fojas
_c30 x 21 cm
500 _aDocumento firmado el 19 de octubre de 1788
500 _aDocumento dirigido a las autoridades de la Colonia para que en los Reynos de Indias e Islas Filipinas se tenga noticias del Breve en que su Santidad concede la gracia a Fray Manuel María Truxillo, Comisario General de la Orden de San Francisco de aquellos dominios, como Visitador y Reformador Apostólico de todas las Provincias y Colegios de su juridicción en ellos
500 _aEl documento tiene la leyenda DOC. #66
500 _a[Real cédula] firmada como ´Yo el Rey´
500 _aPapel con marca de agua
500 _aEstado de conservación: Contiene marca de humedad y varios dobleces en los márgenes
506 0 _aFondo reservado: para su consulta es necesario credencial de usuario y carta de motivos
546 _aTexto en: español de finales del siglo XVIII
600 1 4 _aCarlos
_bIII
_cRey de España
_d1716-1788
_94628
651 4 _aEspaña
_vImpreso con rúbricas
_xHistoria
_yColonia, 1521-1821
_912627
651 4 _aMéxico
_vImpreso con rúbricas
_xHistoria
_yCasa de Borbón, 1700
_912628
700 1 _aTruxillo, Manuel María
_cFray
_912629
902 _aFDH
942 _2lcc
_cD
999 _c4657
_d4657